| 000 | 00597nam a22002057a 4500 | ||
|---|---|---|---|
| 005 | 20180703113544.0 | ||
| 010 | _aENG-123357 | ||
| 020 |
_a9789386338846 _c299.00 |
||
| 035 | _aEN-106889 | ||
| 037 | _bDBAD/PUB. | ||
| 082 | _aN | ||
| 100 | _aKambar, Chandrasekhar | ||
| 245 |
_aShiva's drum / _cby Kambar, Chandrasekhar; trns. by Krishna Manvalli |
||
| 260 |
_aNew Delhi _bSpeaking Tiger _c2017 |
||
| 270 |
_a4381/4, Ansari Road, Daryaganj _bNew Delhi _e110002 |
||
| 300 |
_a269p. _b21cm(pbk) |
||
| 500 | _aIt includes glossary | ||
| 700 | _a Manvalli, Krishna | ||
| 942 |
_2ddc _cEN _hN _kKAM |
||
| 999 |
_c153295 _d153295 |
||